Responses for Show #1119 - Thursday, June 15, 1989

Contestants

David Fulk, a filmmaker originally from Winnetka, Illinois

Lisa Hudanich, a financial analyst originally from Houston, Texas

Doug Fishel, a minister from Wichita, Kansas (whose 1-day cash winnings total $8,900)

[next game >>]

Jeopardy! Round responses

THE FRENCH REVOLUTION
BROADWAY LYRICS
PRISONS
PORTUGAL
HODGEPODGE
TV & MOVIE ROBOTS
    $100 18
Terror

Lisa
    $100 1
"I Feel Pretty"

David
    $100 4
Attica

Lisa
    $100 23
rooster

Triple Stumper
    $100 2
wooly

Doug
    $100 5
The Jetsons

David
    $200 19
"The Marseillaise"

David
    $200 3
face

David
    $600 15
"Jailhouse Rock"

David
    $200 24
kill the bull

David
    $200 13
Westminster Abbey

Triple Stumper
    $200 6
Julie Newmar

Triple Stumper
    $300 20
Let them eat cake

David
    $300 10
Roses

David
    $300 16
Stalag 17

David
    $300 25
(David: Who are the Moors?)
(Doug: Who are the Huns?)

Romans

DougLisaDavid
    $300 14
Indianapolis 500

Triple Stumper
    $300 7
Yul Brynner

Lisa
    $400 21
tennis court

David
    $400 11
September

Doug
    $400 17
Joliet

Lisa
    $400 26
Napoleon

David
    $400 27
[The end-of-round signal sounds.]

cold wind

Triple Stumper
    $400 8
Hymie

Lisa
    $500 22
(Alex: We've got a minute left in the round.)

Jacobin

Triple Stumper
    $500 12
the girl I'm near

David
    $500 9
Robby the Robot

Lisa

Scores at the first commercial break (after clue 12):

Doug Lisa David
$500 $1,300 $1,200

Scores at the end of the Jeopardy! Round:

Doug Lisa David
$200 $2,100 $3,300

Double Jeopardy! Round responses

STARTS WITH "C"
U.S. CITIES
BEST SELLERS
ARCHAEOLOGY
HAIR CARE
BALD IS BEAUTIFUL
    $200 8
Chinese

David
    $200 1
Columbia

Doug
    $200 10
the Moon (outer space, spaceships)

David
    $200 3
Pompeii

Doug
    $200 16
yolk

Doug
    $200 13
Chiang Kai-shek

David
    $400 9
cookies

Lisa
    $400 2
New York City

Lisa
    $400 18
Sharks

Doug
    $400 5
arthritis

Doug
    $400 17
hairspray

David
    $400 14
Joe Garagiola

David
    $600 11
cloistered

David
    $600 4
Seattle

Lisa
    $1,000 23
(Lisa: [after long pause and Alex calling on her] Who is Dolley Madison?)

Barbara Tuchman

Lisa
    $600 24
rings

Lisa
    $600 20
permanent

Lisa
    $600 15
Rob Reiner

David
    $1,000 12
clement

David
    $800 6
(David: What is Pittsburgh?)

Cleveland, Ohio

David
Triple Stumper
    $800 27
Arthur C. Clarke

Lisa
    $800 25
Piltdown Man

Triple Stumper
    $800 21
Johnson & Johnson's Baby Shampoo

Doug
    $1000 19
compote

Doug
    $1000 7
Fulton

Triple Stumper
    $1000 28
[The end-of-round signal sounds with no prior warning about time remaining.]

Maurice Sendak

Triple Stumper
    $1000 26
Rosetta Stone

Lisa
    $1000 22
melanin

Lisa

Scores at the end of the Double Jeopardy! Round:

Doug Lisa David
$3,400 $6,500 $6,100

[wagering suggestions for these scores]

Final Jeopardy! Round responses

TECHNOLOGY
DougWhat is paper?
$3,399
DavidWhat is a drill
$4,000
LisaWhat is a needle?
$5,701
paper

Final scores:

Doug Lisa David
$6,799 $799 $2,100
2-day champion: $15,699 3rd place: Action Recliners by Lane recliner + Jeopardy! box game or computerized version 2nd place: Emerson 27" TV & Olympus Infinity Twin camera + Jeopardy! box game or computerized version

Game dynamics:

Coryat scores:

Doug Lisa David
$3,400 $7,500 $5,500
9 R,
1 W
15 R,
1 W
(including 1 DD)
20 R
(including 2 DDs),
2 W

Combined Coryat: $16,400

[game clues] [game scores] [suggest correction]

Game tape date: 1989-02-13
The J! Archive is created by fans, for fans. Scraping, republication, monetization, and malicious use prohibited; this site may use cookies and collect identifying information. See terms. The Jeopardy! game show and all elements thereof, including but not limited to copyright and trademark thereto, are the property of Jeopardy Productions, Inc. and are protected under law. This website is not affiliated with, sponsored by, or operated by Jeopardy Productions, Inc. Join the discussion at JBoard.tv.